Fashion theory : (Record no. 30580)

MARC details
000 -LEADER
fixed length control field 01078pam a22003251i 4500
001 - CONTROL NUMBER
control field 019811649
003 - CONTROL NUMBER IDENTIFIER
control field EG-ScBUE
005 - DATE AND TIME OF LATEST TRANSACTION
control field 20230926093717.0
008 - FIXED-LENGTH DATA ELEMENTS--GENERAL INFORMATION
fixed length control field 200609s2020 enka f b 001 0 eng d
020 ## - INTERNATIONAL STANDARD BOOK NUMBER
Cancelled/invalid ISBN 9781138296947 (pbk.)
040 ## - CATALOGING SOURCE
Original cataloging agency StDuBDS
Language of cataloging eng
Description conventions rda
Transcribing agency StDuBDS
Modifying agency Uk
-- EG-ScBUE
082 04 - DEWEY DECIMAL CLASSIFICATION NUMBER
Classification number 391
Edition number 22
Item number FAS
245 00 - TITLE STATEMENT
Title Fashion theory :
Remainder of title a reader /
Statement of responsibility, etc edited by Malcolm Barnard.
250 ## - EDITION STATEMENT
Edition statement Second edition.
264 #1 - PUBLICATION, DISTRIBUTION, ETC. (IMPRINT)
Place of publication, distribution, etc London ;
-- New York :
Name of publisher, distributor, etc Routledge,
Date of publication, distribution, etc 2020.
300 ## - PHYSICAL DESCRIPTION
Extent 829 pages :
Other physical details illustrations (black and white) ;
Dimensions 24 cm.
336 ## - CONTENT TYPE
Content type term text
Source rdacontent
Content type code txt
336 ## - CONTENT TYPE
Content type term still image
Source rdacontent
Content type code txt
337 ## - MEDIA TYPE
Media type term computer
Source rdamedia
Media type code n
338 ## - CARRIER TYPE
Carrier type term online resource
Source rdacarrier
Carrier type code nc
490 0# - SERIES STATEMENT
Series statement Routledge student readers
504 ## - BIBLIOGRAPHY, ETC. NOTE
Bibliography, etc Includes bibliographical references and index.
650 #7 - SUBJECT ADDED ENTRY--TOPICAL TERM
Topical term or geographic name as entry element Fashion.
Source of heading or term BUEsh
650 #7 - SUBJECT ADDED ENTRY--TOPICAL TERM
Topical term or geographic name as entry element Fashion
General subdivision Social aspects.
Source of heading or term BUEsh
653 ## - INDEX TERM--UNCONTROLLED
Arrived date list September2023
Resource For college Arts and Design
Specialization Fashion Design
655 ## - INDEX TERM--GENRE/FORM
Form subdivision Reading book
700 1# - ADDED ENTRY--PERSONAL NAME
Personal name Barnard, Malcolm,
Dates associated with a name 1958-
Relator term editor.
776 08 - ADDITIONAL PHYSICAL FORM ENTRY
Display text Print version :
International Standard Book Number 9781138296930
942 ## - ADDED ENTRY ELEMENTS (KOHA)
Source of classification or shelving scheme Dewey Decimal Classification
Koha item type Book - Borrowing
Holdings
Withdrawn status Lost status Source of classification or shelving scheme Damaged status Not for loan Collection code Home library Current library Shelving location Date acquired Source of acquisition Cost, normal purchase price Serial Enumeration / chronology Total Checkouts Full call number Barcode Date last seen Cost, replacement price Price effective from Koha item type
    Dewey Decimal Classification     Baccah Central Library Central Library First floor 26/09/2023 Purchase 1527.00 37687   391 FAS 000056914 15/07/2025 1908.75 26/09/2023 Book - Borrowing